[Event "Salamanca"]
[Site "Salamanca"]
[Date "1988.??.??"]
[Round "11"]
[White "Sion Castro, Marcelino"]
[Black "Sznapik, Aleksander"]
[Result "1/2-1/2"]
[WhiteElo "2330"]
[BlackElo "2480"]

1.e4 g6 2.d4 Bg7 3.Nc3 d6 4.Nf3 Nf6 5.h3 O-O 6.Be3 a6 7.a4 b6 8.Bc4 e6 9.O-O Bb7
10.d5 e5 11.Qd2 Nbd7 12.Rfe1 Nh5 13.Bh6 Nf4 14.Bxf4 exf4 15.Qxf4 Ne5 16.Nxe5 Bxe5
17.Qd2 Qf6 18.Rad1 Rae8 19.g3 g5 20.Bf1 Kh8 21.Bg2 Rg8 22.Re3 Bc8 23.Qd3 Qh6
24.Ne2 Bxh3 25.Bxh3 Qxh3 26.Nd4 Bxd4 27.Qxd4+ Re5 28.Qc4 g4 29.Qf1 Qh6 30.Qxa6 f5
31.Rde1 f4 32.gxf4 Qxf4 33.Qd3 h5 34.Rg3 h4 35.Rg2 Rge8 36.Qe3 Qxe3 37.Rxe3 Rxe4
38.Rxe4 Rxe4 39.Rh2 Re1+ 40.Kg2 h3+ 41.Kg3 Rg1+ 42.Kf4 Rg2 43.Rh1 h2 44.Ke3 Kg7
45.b4 Kf6 46.a5 bxa5 47.bxa5 g3  1/2-1/2

[Event "Sarajevo"]
[Site "Sarajevo"]
[Date "1988.??.??"]
[Round "?"]
[White "Marjanovic, Slavoljub"]
[Black "Arapovic, Vitomir"]
[Result "1-0"]
[WhiteElo "2480"]
[BlackElo "2395"]

1.d4 g6 2.e4 Bg7 3.Nc3 d6 4.f4 c6 5.Nf3 Bg4 6.Be3 Qb6 7.Qd3 Bxf3 8.gxf3 Nd7
9.O-O-O Qa5 10.Kb1 Ngf6 11.h4 O-O-O 12.Bh3 Kb8 13.Rdg1 e6 14.f5 e5 15.f4 Rhe8
16.dxe5 dxe5 17.fxg6 fxg6 18.f5 Bf8 19.fxg6 Bb4 20.g7 Nb6 21.Bxb6 Qxb6 22.Na4 Qa5
23.Qf3 Ng8 24.Qb3 Nf6 25.a3 Bd2 26.Be6 b5 27.Nc5 Qb6 28.Nd7+ Nxd7 29.Bxd7 Rxd7
30.g8=Q Rxg8 31.Rxg8+ Kc7 32.Rd1 Qd4 33.Qe6 Kb6 34.Rg2 Rd6 35.Qg8 Qxe4 36.Qb8+  1-0

[Event "Schoeneck op"]
[Site "Schoeneck"]
[Date "1988.??.??"]
[Round "1"]
[White "Nikolaiczuk, Lothar"]
[Black "Mohr, Stefan"]
[Result "0-1"]
[WhiteElo "2275"]
[BlackElo "2470"]

1.e4 g6 2.d4 Bg7 3.Nc3 d6 4.Nf3 Nf6 5.Be2 O-O 6.O-O c6 7.a4 Qc7 8.h3 Nbd7
9.Be3 b6 10.Qd2 Bb7 11.Bh6 e5 12.Rfe1 a6 13.Rad1 b5 14.Bf1 Rfe8 15.Bxg7 Kxg7
16.g4 Rad8 17.Bg2 Nf8 18.Nh4 Ne6 19.Ne2 Qe7 20.Nf5+ gxf5 21.exf5 Nf8 22.g5 N6d7
23.f6+ Nxf6 24.gxf6+ Qxf6 25.axb5 axb5 26.Ng3 Kh8 27.dxe5 dxe5 28.Qc3 Ng6
29.Qf3 Nf4 30.Nh5 Nxh5 31.Qxh5 Rxd1 32.Rxd1 Qe7 33.Be4 Rg8+ 34.Kh2 f6 35.Rd6 c5  0-1

[Event "Rilton Cup"]
[Site "Stockholm"]
[Date "1988.??.??"]
[Round "?"]
[White "Stefansson, Hannes"]
[Black "Sigfusson, Sigurdur"]
[Result "1-0"]
[WhiteElo "2395"]
[BlackElo "2280"]

1.e4 g6 2.d4 Bg7 3.Nc3 d6 4.Nf3 Nf6 5.Be2 O-O 6.O-O Nbd7 7.e5 Ne8 8.Bg5 Nb6
9.a4 a5 10.Re1 c6 11.Bd3 d5 12.Ne2 Nc7 13.Ng3 Ne6 14.Bc1 c5 15.b3 Qc7 16.Bb5 cxd4
17.Bb2 Nd7 18.Bxd7 Bxd7 19.Nxd4 Rac8 20.Re2 Nf4 21.Re3 Ne6 22.Nge2 Nxd4 23.Qxd4 Qxc2
24.Ba3 Rfe8 25.Qxd5 Bc6 26.Qxa5 Rcd8 27.Qe1 Bh6 28.f4 Rd3 29.Rxd3 Qxd3 30.e6 fxe6
31.Bb2 Qxb3 32.Be5 Qe3+ 33.Qf2 Qxf2+ 34.Kxf2 Bg7 35.Bxg7 Kxg7 36.a5 Rc8 37.g4 Bd5
38.Rc1 Rxc1 39.Nxc1 Kf6 40.Nd3 Be4 41.Ne5 g5 42.Nd7+ Kg6 43.fxg5 Kxg5 44.Kg3 e5
45.h4+ Kg6 46.Nxe5+ Kf6 47.Kf4 Bg2 48.g5+ Ke6 49.h5 Bh3 50.h6 Bf5 51.g6 Kf6
52.g7 Be6 53.Nd7+ Kf7 54.Nc5 Bd5 55.Ke5 Bc6 56.Ne6 Bg2 57.Nd8+  1-0

[Event "Rilton Cup"]
[Site "Stockholm"]
[Date "1988.??.??"]
[Round "?"]
[White "Winsnes, Rikard"]
[Black "Lanzendoerfer, Johannes"]
[Result "1/2-1/2"]
[WhiteElo "2350"]
[BlackElo "2210"]

1.e4 g6 2.d4 Bg7 3.Nc3 d6 4.h3 Nf6 5.Nf3 O-O 6.Be3 a6 7.Bd3 Nc6 8.O-O e5
9.dxe5 dxe5 10.Bc4 Qe7 11.Qe2 Be6 12.Rfd1 Rfd8 13.a3 Rxd1+ 14.Rxd1 Bxc4 15.Qxc4 Rd8
16.Nd5 Nxd5 17.exd5 Qd7 18.Qb3 b5 19.Qd3 Qe7 20.Qe2 e4 21.Ng5 Na5 22.Bc1 Nc4
23.Nxe4 Re8 24.Re1 f5 25.b3 Nb6 26.Ng3 Qxe2  1/2-1/2

[Event "Rilton Cup"]
[Site "Stockholm"]
[Date "1988.??.??"]
[Round "?"]
[White "Ziegler, Ari"]
[Black "Karlsson, Lars"]
[Result "0-1"]
[WhiteElo "2260"]
[BlackElo "2520"]

1.e4 d6 2.d4 g6 3.Nc3 Bg7 4.f4 Na6 5.Nf3 c5 6.d5 Nc7 7.Bd3 Nf6 8.a4 O-O 9.O-O Bg4
10.Qe1 Bxf3 11.Rxf3 e6 12.dxe6 Nxe6 13.Qh4 Rc8 14.Be3 c4 15.Be2 d5 16.Rh3 d4
17.Rd1 Nh5 18.Qg4 Qe8 19.f5 dxc3 20.fxe6 cxb2 21.e5 Qxe6 22.Qxe6 fxe6 23.Rh4 c3
24.Re4 Rfd8 25.Rb1 Bf8 26.Bc4 Ng7 27.Ba2 Bc5 28.Bxc5 Rxc5 29.g4 Rd2 30.Bb3 Rc8
31.Rf1 Rf8 32.Ree1 Rxf1+  0-1

[Event "Rilton Cup"]
[Site "Stockholm"]
[Date "1988.??.??"]
[Round "?"]
[White "Schneider, Lars Ake"]
[Black "Vigfusson, Thrainn"]
[Result "1-0"]
[WhiteElo "2475"]
[BlackElo "2230"]

1.e4 d6 2.d4 g6 3.Nc3 Bg7 4.f4 Nf6 5.Nf3 O-O 6.Be3 c6 7.Qd2 b5 8.Bd3 Nbd7
9.h3 Bb7 10.O-O a6 11.e5 Ne8 12.Ne4 Rc8 13.c3 c5 14.Rad1 cxd4 15.cxd4 Nb6
16.Qf2 Nc7 17.Qh4 Ncd5 18.Bc1 Nb4 19.Bb1 Bxe4 20.Bxe4 d5 21.Bb1 e6 22.Qg3 a5
23.a3 Nc6 24.f5 exf5 25.Bxf5 Rc7 26.Bd3 b4 27.Bg5 f6 28.exf6 Bxf6 29.Bh6 Bg7
30.Bxg7 Rxg7 31.Ng5 Rxf1+ 32.Rxf1 Qc7 33.Rf8+  1-0

[Event "Rilton Cup"]
[Site "Stockholm"]
[Date "1988.??.??"]
[Round "?"]
[White "Wiedenkeller, Michael"]
[Black "Karlsson, Lars"]
[Result "0-1"]
[WhiteElo "2415"]
[BlackElo "2520"]

1.d4 d6 2.e4 g6 3.Nc3 Bg7 4.Be3 a6 5.Qd2 Nd7 6.Nf3 b5 7.Bd3 Bb7 8.O-O Ngf6
9.Bh6 O-O 10.Bxg7 Kxg7 11.Rfe1 e5 12.d5 c6 13.dxc6 Bxc6 14.Rad1 b4 15.Nd5 Bxd5
16.exd5 a5 17.Bb5 Nc5 18.a3 Qb6 19.a4 Nfe4 20.Qe3 f5 21.Nd2 Nxd2 22.Qxd2 Rac8
23.Bc6 Rc7 24.Kf1 Qa7 25.Re2 Rcf7 26.f4 e4 27.Qd4+ Kg8 28.c3 b3 29.Bb5 Qe7
30.Rf2 h5 31.g3 h4 32.Ke2 hxg3 33.hxg3 Rh7 34.Rg1 Rh3 35.Kd1 Kf7 36.Rfg2 Qf6
37.Qxf6+ Kxf6 38.Ke2 g5 39.Ke3 Rg8 40.fxg5+ Ke5  0-1

[Event "Rilton Cup"]
[Site "Stockholm"]
[Date "1988.??.??"]
[Round "?"]
[White "Cramling, Dan"]
[Black "Schlemmermeyer, Wilhelm"]
[Result "1/2-1/2"]
[WhiteElo "2435"]
[BlackElo "2265"]

1.d4 g6 2.e4 Bg7 3.Nc3 d6 4.Nf3 Nf6 5.h3 O-O 6.Be3 c6 7.a4 Nbd7 8.a5 e5 9.dxe5 dxe5
10.Qd6 Ne8 11.Qb4 Bf6 12.Bc4 Be7 13.Qa4 Kg7 14.O-O Qc7 15.b4 Nd6 16.Be2 Re8
17.Nd2 Bf6 18.Rfd1 Nf8 19.Nc4 Nxc4 20.Bxc4  1/2-1/2

[Event "Rilton Cup"]
[Site "Stockholm"]
[Date "1988.??.??"]
[Round "?"]
[White "Johansson, Jan"]
[Black "Schlemmermeyer, Wilhelm"]
[Result "1/2-1/2"]
[WhiteElo "2350"]
[BlackElo "2265"]

1.e4 g6 2.d4 Bg7 3.Nc3 d6 4.f4 Nc6 5.Be3 Nf6 6.Nf3 O-O 7.Be2 e6 8.Qd2 Ne7
9.O-O-O b6 10.e5 Nfd5 11.Bf2 Nxc3 12.Qxc3 Bb7 13.h4 Qd7 14.h5 dxe5 15.hxg6 fxg6
16.fxe5 Nd5 17.Qb3 Nf4 18.Bc4 Rae8 19.Bg3 Nh5 20.Be1 Bxf3 21.gxf3 c6 22.Bd3 Rxf3
23.Rxh5 Rxd3 24.Qxd3 gxh5 25.Qf3 Rf8 26.Qxh5 Qd5 27.Bb4 Qf3 28.Qxf3 Rxf3
29.c4 Kf7 30.d5 cxd5 31.cxd5 exd5 32.Rxd5 Ke8 33.e6 Bf6 34.Rd7 a5 35.Bd2 h5
36.Rb7 h4 37.b4 h3 38.Rh7 axb4 39.Bxb4 Rf4 40.Bd6 Rh4 41.Rf7 Bg5+ 42.Kb1 Rh8
43.Rg7  1/2-1/2

[Event "URS Cup rapid"]
[Site "Tallinn"]
[Date "1988.??.??"]
[Round "11"]
[White "Veingold, Aleksandr"]
[Black "Kanstler, Boris"]
[Result "1/2-1/2"]
[WhiteElo "2435"]
[BlackElo "2430"]

1.d4 g6 2.e4 d6 3.Nc3 Bg7 4.Nf3 Nf6 5.Be2 O-O 6.O-O Nc6 7.Be3 e5 8.d5 Ne7
9.a4 Kh8 10.a5 a6 11.Ra4 h6  1/2-1/2

[Event "Tel Aviv"]
[Site "Tel Aviv"]
[Date "1988.??.??"]
[Round "?"]
[White "Enoshi, Arik"]
[Black "Hickl, Joerg"]
[Result "0-1"]
[WhiteElo "2255"]
[BlackElo "2485"]

1.e4 g6 2.d4 Bg7 3.Nc3 d6 4.f4 c6 5.Nf3 Bg4 6.Be3 Qb6 7.Qd2 Bxf3 8.gxf3 Nd7
9.O-O-O Qa5 10.Kb1 Ngf6 11.Bh3 b5 12.f5 Nb6 13.Ne2 b4 14.Bh6 Nc4 15.Qc1 Bxh6
16.Qxh6 Rg8 17.Rhg1 Rb8 18.Rd3 c5 19.fxg6 hxg6 20.Nf4 cxd4 21.Rxd4 Na3+ 22.bxa3 bxa3+
23.Kc1 Qc3 24.Ne2 Rb1+  0-1

[Event "Thessaloniki ol (Women)"]
[Site "Thessaloniki"]
[Date "1988.??.??"]
[Round "?"]
[White "Misanovic, Vesna"]
[Black "Polihroniade, Elisabeta"]
[Result "1-0"]
[WhiteElo "2225"]
[BlackElo "2310"]

1.d4 d6 2.e4 g6 3.Nc3 Bg7 4.h4 Nc6 5.d5 Nd4 6.Nb1 c6 7.c3 Nb5 8.h5 Nc7 9.Be3 Nf6
10.h6 Bf8 11.dxc6 bxc6 12.f3 e5 13.Ne2 Be7 14.Nd2 d5 15.Qc2 c5 16.exd5 Ncxd5
17.Bf2 O-O 18.Ng3 Be6 19.Bc4 Nf4 20.Bxe6 Nxe6 21.O-O Qc7 22.Nc4 Nd7 23.Rad1 Nb6
24.Qe2 Nxc4 25.Qxc4 Rab8 26.b3 Rfd8 27.Ne4 Rbc8 28.Rfe1 Rd7 29.Bg3 Rxd1 30.Rxd1 Nf4
31.Bf2 Ne6 32.Qa4 Nf8 33.Rd5 f5 34.Nxc5 Bg5 35.Qc4 Qf7 36.Rxe5 Qxc4 37.bxc4 Bxh6
38.Re7 Bd2 39.Bd4 Bh6 40.Rxa7 Re8  1-0

[Event "Thessaloniki ol (Men)"]
[Site "Thessaloniki"]
[Date "1988.??.??"]
[Round "1"]
[White "Ochoa de Echaguen, F Javier"]
[Black "Purra, S."]
[Result "1-0"]
[WhiteElo "2450"]
[BlackElo "2200"]

1.e4 g6 2.d4 Bg7 3.Nc3 d6 4.Nf3 Bg4 5.Be2 e6 6.Be3 Ne7 7.Qd2 h5 8.h3 Bxf3
9.Bxf3 Nd7 10.O-O-O Nb6 11.Be2 d5 12.g4 h4 13.e5 c6 14.Bg5 Nd7 15.f4 Qa5
16.Qe1 Nc8 17.f5 gxf5 18.gxf5 exf5 19.Bd3 Nf8 20.Bxf5 Ne6 21.Bf6 Bxf6 22.exf6 Kd7
23.Bxe6+ fxe6 24.Rg1 Rh7 25.Rg8 Nb6 26.Qg1 Rf7 27.Rxa8  1-0

[Event "Thessaloniki ol (Men)"]
[Site "Thessaloniki"]
[Date "1988.??.??"]
[Round "2"]
[White "Sznapik, Aleksander"]
[Black "Wong Foong Yin"]
[Result "0-1"]
[WhiteElo "2480"]
[BlackElo "2250"]

1.e4 g6 2.d4 Bg7 3.Nc3 d6 4.f4 Nf6 5.Nf3 c5 6.dxc5 Qa5 7.Bd3 Qxc5 8.Qe2 O-O
9.Be3 Qb4 10.O-O Nc6 11.a3 Qa5 12.h3 Bd7 13.Qf2 Rac8 14.Rae1 e5 15.Kh1 Nh5
16.f5 Ne7 17.Qh4 Bf6 18.Bg5 Bxg5 19.Nxg5 f6 20.Nxh7 Kxh7 21.fxg6+ Kxg6 22.Nd5 Nxd5
23.exd5+ f5 24.g4 Qxd5+ 25.Kh2 Nf6 26.gxf5+ Kf7 27.Rg1 Rh8 28.Qf2 e4 29.Qe3 Qxf5
30.Rg3 Rxh3+  0-1

[Event "Thessaloniki ol (Men)"]
[Site "Thessaloniki"]
[Date "1988.??.??"]
[Round "3"]
[White "Kuczynski, Robert"]
[Black "McNab, Colin Anderson"]
[Result "0-1"]
[WhiteElo "2460"]
[BlackElo "2410"]

1.e4 g6 2.d4 d6 3.Nc3 Bg7 4.Nf3 Nf6 5.h3 O-O 6.Be3 c6 7.a4 d5 8.e5 Ne4 9.Nxe4 dxe4
10.Ng5 c5 11.dxc5 Qc7 12.Nxe4 Qxe5 13.Nc3 Be6 14.Qf3 Nd7 15.Qe4 Rfc8 16.O-O-O Nxc5
17.Qxe5 Bxe5 18.Bd4 Bxd4 19.Rxd4 Rd8 20.Rxd8+ Rxd8 21.Be2 a5 22.Bf3 Kg7 23.Re1 b6
24.Re3 f5 25.Bc6 f4 26.Re2 Kf6 27.Ne4+ Nxe4 28.Bxe4 Rd6 29.b3 h6 30.Bf3 g5
31.Rd2 Rxd2 32.Kxd2 Ke5 33.Kc3 Bf5 34.Bb7 Kd6 35.Kd2 Kc5 36.c3 e5 37.f3 Be6
38.Kc2 h5 39.Be4 g4 40.fxg4 hxg4 41.h4 Bf7 42.Kd2 Kd6 43.b4 Be8 44.bxa5 bxa5
45.Bc2 g3 46.Be4 Kc5 47.Ke2 Kc4 48.Kd2 Bh5 49.Bd3+ Kd5 50.Bb5 f3 51.Bf1 Ke4
52.c4 Kd4 53.c5 e4 54.c6 e3+ 55.Kc2 Bg6+ 56.Kb2 e2  0-1

[Event "Thessaloniki ol (Men)"]
[Site "Thessaloniki"]
[Date "1988.??.??"]
[Round "5"]
[White "Amroe, F."]
[Black "Hergott, Deen"]
[Result "1/2-1/2"]
[WhiteElo "2200"]
[BlackElo "2365"]

1.e4 g6 2.d4 d6 3.Nc3 Bg7 4.Nf3 a6 5.Be2 b5 6.O-O Bb7 7.a3 Nd7 8.h3 c5 9.Be3 cxd4
10.Bxd4 Ngf6 11.Nd2 O-O 12.Bf3 Qc7 13.g4 Bh6 14.Qe2 Rac8 15.Bg2 e5 16.Be3 Bxe3
17.Qxe3 Kg7 18.Rfd1 Nc5 19.Nf1 Ne6 20.Ng3 Nf4 21.Rd2 h5 22.f3 hxg4 23.hxg4 Rh8
24.Rad1 Rcd8 25.Nge2 Ne6 26.b4 Qe7 27.Qb6 Ne8 28.a4 bxa4 29.Nxa4 Rc8 30.Qe3 Qh4
31.Nb6 Rc7  1/2-1/2

[Event "Thessaloniki ol (Men)"]
[Site "Thessaloniki"]
[Date "1988.??.??"]
[Round "7"]
[White "Boey, Josef"]
[Black "Ludgate, Alan"]
[Result "1/2-1/2"]
[WhiteElo "2375"]
[BlackElo "2250"]

1.e4 g6 2.d4 Bg7 3.Nc3 d6 4.Be3 c6 5.a4 Nf6 6.h3 O-O 7.Nf3 Nbd7 8.a5 d5 9.e5 Ne8
10.h4 f6 11.h5 fxe5 12.hxg6 hxg6 13.Bd3 exd4 14.Bxg6 Nef6 15.Qxd4 e5 16.Qh4 Qe7
17.Ng5 Re8 18.Ne2 d4 19.Bd2 Nc5 20.Bxe8 Qxe8 21.Bb4 Ne6 22.Nxe6 Qxe6 23.Ra3 Qc4
24.Bd2 Bg4 25.f3 Bf5 26.Bh6 Qxc2 27.Bxg7 Kxg7 28.Ng3 Qc1+  1/2-1/2

[Event "Thessaloniki ol (Men)"]
[Site "Thessaloniki"]
[Date "1988.??.??"]
[Round "8"]
[White "Rosseli, M."]
[Black "Abdennabi, Imed"]
[Result "0-1"]
[WhiteElo "2275"]
[BlackElo "2200"]

1.e4 g6 2.d4 Bg7 3.Nc3 d6 4.Be2 a6 5.a4 Nc6 6.Be3 e5 7.dxe5 Nxe5 8.Nf3 Nxf3+
9.Bxf3 Nf6 10.O-O O-O 11.Bd4 Nd7 12.Bxg7 Kxg7 13.Qd4+ Kg8 14.Bg4 Ne5 15.Bxc8 Rxc8
16.Nd5 f5 17.f4 c5 18.Qc3 Nc6 19.Rad1 Rf7 20.exf5 Rxf5 21.Ne3 Rf7 22.f5 Nd4
23.fxg6 Rxf1+ 24.Nxf1 hxg6 25.Qd3 Qf6 26.Ne3 Re8 27.c3 Nc6 28.Rf1 Qe6 29.Nd5 Ne5
30.Qd2 Rf8 31.Rd1 Qg4 32.Ne7+ Kh7 33.Qd5 Qe2 34.h3 Rf2 35.Qxd6 Nf3+  0-1

[Event "Thessaloniki ol (Men)"]
[Site "Thessaloniki"]
[Date "1988.??.??"]
[Round "9"]
[White "Haugli, Petter"]
[Black "Abdennabi, Imed"]
[Result "1-0"]
[WhiteElo "2330"]
[BlackElo "2200"]

1.e4 g6 2.d4 Bg7 3.Nc3 d6 4.Be3 c6 5.Qd2 b5 6.Bd3 a6 7.Nf3 Nd7 8.O-O Ngf6
9.Rad1 O-O 10.Bf4 c5 11.dxc5 Nxc5 12.a3 Bg4 13.Qe3 Ne6 14.Bg3 Nh5 15.Bh4 Nhf4
16.Nd5 g5 17.Nxg5 Ng6 18.Nxe6 fxe6 19.Nxe7+ Nxe7 20.f3 Nd5 21.Qe1 Nf6 22.e5 Bh5
23.exf6 Rxf6 24.Bxf6 Qxf6 25.Bxh7+ Kh8 26.Rxd6 Qf4 27.Be4 Rg8 28.Qd2 Qh4
29.Rd7 Be8 30.Rb7 Qh5 31.c3 Bg6 32.Bxg6 Qxg6 33.Rd7 Be5 34.f4 Bxf4 35.Qf2 Qg4
36.Qf3 Rg6 37.Rb7 Qg5 38.g3 Be5 39.Qf8+ Rg8 40.Qf3 Qh6 41.Kg2 Rd8 42.Rf2 Rg8
43.Qe4 Bg7 44.Rf4 Bf6 45.Rxf6  1-0

[Event "Thessaloniki ol (Men)"]
[Site "Thessaloniki"]
[Date "1988.??.??"]
[Round "9"]
[White "Amroe, F."]
[Black "Bern, Ivar"]
[Result "1/2-1/2"]
[WhiteElo "2200"]
[BlackElo "2335"]

1.e4 g6 2.d4 Bg7 3.Nc3 d6 4.Nf3 c6 5.Bc4 b5 6.Bb3 b4 7.Ne2 Nf6 8.e5 Nd5 9.O-O a5
10.c4 bxc3 11.Nxc3 Nxc3 12.bxc3 O-O 13.exd6 Qxd6 14.Re1 a4 15.Bxa4 c5 16.Bg5 e6
17.Bb3 cxd4 18.cxd4 Bb7 19.Rc1 Nd7 20.Be3 Ra5 21.Qd2 Rf5 22.Bc2 Rh5 23.Bf4 Qa6
24.Be4 Bxe4 25.Rxe4 Ra5 26.Rc2 Nf6 27.Re2 Nd5 28.Be5 Ra8 29.Bxg7 Kxg7 30.h4 Qd6
31.Ne5 Qb4 32.Rb2 Qxd2 33.Rexd2 Nc3 34.Rdc2 Rxa2 35.Rxa2 Nxa2 36.Rc7 Rf8
37.Nd7 Rd8 38.Ne5 Rxd4 39.Rxf7+ Kg8 40.Ra7 Nc3 41.g3 Re4 42.Nd7 Nd5 43.Nc5 Re1+
44.Kg2 Nf6 45.Re7 Kf8 46.Rxe6 Rxe6 47.Nxe6+ Ke7 48.Nf4 Kf7 49.Kf3 h6 50.Nh3 Nd7
51.Ke4 Kf6 52.g4 Nc5+ 53.Kd5 Ne6 54.Ke4 Nc5+ 55.Kd5 Ne6 56.Ke4  1/2-1/2

[Event "Thessaloniki ol (Men)"]
[Site "Thessaloniki"]
[Date "1988.??.??"]
[Round "9"]
[White "Navarro, Roberto"]
[Black "Lim, Jeremy"]
[Result "1/2-1/2"]
[WhiteElo "2325"]
[BlackElo "2200"]

1.e4 g6 2.d4 Bg7 3.Nc3 d6 4.Nf3 c6 5.h3 b5 6.Bd3 Nf6 7.Bg5 Qc7 8.O-O Nbd7
9.e5 dxe5 10.dxe5 Nxe5 11.Nxe5 Qxe5 12.Qf3 Bb7 13.Bf4 Qc5 14.Be3 Qb4 15.a3 Qa5
16.Nxb5 Nd5 17.Bd4 Bxd4 18.Nxd4 O-O 19.c4 Nf6 20.b4 Qc7 21.c5 a5 22.Nb3 axb4
23.axb4 Nd5 24.Qe4 Rxa1 25.Rxa1 Bc8 26.Qc4 Nf4 27.Bf1 Be6 28.Qc3 Rb8 29.Nd4 Nd5
30.Nxe6 fxe6 31.Qe1 Kf7 32.Bc4 Qf4 33.Bxd5 exd5 34.Ra7 Qe4 35.Qxe4 dxe4 36.Rc7 Rxb4
37.Rxc6 Rc4 38.Kf1 Rc2 39.g3 Ke8 40.Rc8+ Kd7 41.Rh8 Rxc5 42.Rxh7 Ke6 43.Ke2 Rc3
44.h4 Kf6 45.h5 gxh5 46.Rxh5 e6 47.Rh4 Ke5 48.Rh8 Ra3 49.Rf8 Ra1 50.Rd8 Kf5
51.Rb8 Ra3 52.Kf1 Ra2 53.Rb3 Rc2 54.Re3 Ra2 55.Re2 Ra4 56.Kg2 Ra8 57.Rb2 Rh8
58.Rb7 Kf6 59.g4 Ra8 60.Kg3 Ra3+ 61.Kh4 Rf3 62.Rb8 Kg6 63.Rb6 Rxf2 64.Rxe6+ Rf6
65.Rxe4 Ra6  1/2-1/2

[Event "Thessaloniki ol (Men)"]
[Site "Thessaloniki"]
[Date "1988.??.??"]
[Round "10"]
[White "Kuijf, Marinus"]
[Black "Kindermann, Stefan"]
[Result "1-0"]
[WhiteElo "2450"]
[BlackElo "2525"]

1.e4 g6 2.d4 d6 3.Nc3 Bg7 4.f4 Nf6 5.Nf3 c5 6.dxc5 Qa5 7.Bd3 Qxc5 8.Qe2 Bg4
9.Be3 Qa5 10.O-O O-O 11.Qe1 Bxf3 12.Rxf3 Nc6 13.Kh1 Nb4 14.f5 Rac8 15.a3 Nxd3
16.cxd3 b5 17.b4 Qa6 18.Bd4 Qb7 19.a4 bxa4 20.Rxa4 a6 21.Qa1 Rc6 22.Rf1 Rfc8
23.Nd5 Nxd5 24.exd5 Rc2 25.fxg6 hxg6 26.Bxg7 Qxd5 27.Rg1 Re2 28.Rxa6 f6 29.Bh6 Rcc2
30.Qa5 Qf3 31.Qd8+ Kf7 32.Ra7 Qd5 33.Bf8 Ke6 34.Rxe7+ Kf5 35.Rxe2 Rxe2 36.Rf1+ Kg4
37.Qc8+ f5 38.Qc4+ Qxc4 39.dxc4 Re4 40.Rc1 g5 41.h3+ Kh5 42.Bg7 f4 43.c5 dxc5
44.bxc5 g4 45.hxg4+ Kxg4 46.c6 Re7 47.c7  1-0

[Event "Thessaloniki ol (Men)"]
[Site "Thessaloniki"]
[Date "1988.??.??"]
[Round "10"]
[White "Antunes, Antonio"]
[Black "Sznapik, Aleksander"]
[Result "0-1"]
[WhiteElo "2390"]
[BlackElo "2480"]

1.e4 g6 2.d4 Bg7 3.Nc3 d6 4.Be2 Nf6 5.Be3 O-O 6.Qd2 c6 7.h4 h5 8.Nh3 b5 9.a3 Nbd7
10.f3 a6 11.O-O-O a5 12.Ng5 b4 13.Nb1 Rb8 14.g4 bxa3 15.Nxa3 Qb6 16.c3 Ba6
17.gxh5 Nxh5 18.Rhg1 c5 19.dxc5 Nxc5 20.Bxc5 dxc5 21.Bxa6 Qxa6 22.Rg2 Rb3
23.Qe2 Qb7 24.Qc4 e6 25.Nxe6 fxe6 26.Qxe6+ Qf7 27.Qxg6 Qxf3 28.Rg5 Rxa3 29.Qe6+ Kh8
30.Rxh5+ Qxh5 31.bxa3 Bh6+ 32.Kb2 Qe2+  0-1

[Event "Thessaloniki ol (Men)"]
[Site "Thessaloniki"]
[Date "1988.??.??"]
[Round "12"]
[White "Hector, Jonny"]
[Black "Hickl, Joerg"]
[Result "1-0"]
[WhiteElo "2435"]
[BlackElo "2500"]

1.e4 d6 2.d4 g6 3.Nc3 Bg7 4.f4 c6 5.Nf3 Bg4 6.Be3 Qb6 7.Qd2 Bxf3 8.gxf3 Nd7
9.h4 Ngf6 10.Bh3 Qa5 11.e5 Nd5 12.Ne4 Qxd2+ 13.Bxd2 Bh6 14.exd6 f5 15.Ng5 exd6
16.O-O-O Bxg5 17.fxg5 b5 18.h5 O-O 19.Bf1 N7b6 20.b3 Rae8 21.Bd3 b4 22.hxg6 hxg6
23.Rh6 Kg7 24.Ba6 Rh8 25.Bb7 Rxh6 26.gxh6+ Kh7 27.Bxc6 Re2 28.Rg1 Rf2 29.Be8 f4
30.Bxg6+ Kxh6 31.Be4 a5 32.Rg6+ Kh5 33.Rxd6 Nc3 34.Bxc3 bxc3 35.Kd1 Nc8 36.Rc6 Rd2+
37.Ke1 Ne7 38.Rc7  1-0

[Event "Thessaloniki ol (Men)"]
[Site "Thessaloniki"]
[Date "1988.??.??"]
[Round "13"]
[White "Small, Vernon A"]
[Black "Afifi, Assem"]
[Result "1/2-1/2"]
[WhiteElo "2340"]
[BlackElo "2380"]

1.d4 g6 2.e4 Bg7 3.Nc3 d6 4.Be3 Nf6 5.h3 c6 6.a4 O-O 7.Nf3 e5 8.dxe5 dxe5
9.Qxd8 Rxd8 10.Bc4 Nbd7 11.Rd1 Re8 12.Bg5 Re7 13.O-O h6 14.Be3  1/2-1/2

[Event "SVK-ch"]
[Site "Trnava"]
[Date "1988.??.??"]
[Round "3"]
[White "Novak, Ivan"]
[Black "Petran, Peter"]
[Result "1/2-1/2"]
[WhiteElo "2290"]
[BlackElo "2335"]

1.e4 g6 2.d4 Bg7 3.Nc3 d6 4.Nf3 Bg4 5.Be3 Nc6 6.Be2 e5 7.dxe5 dxe5 8.Qxd8+ Nxd8
9.Nb5 Bxf3 10.Bxf3 Ne6 11.Bg4 a6 12.Bxe6 axb5 13.Bd5 c6 14.Bb3 Bh6 15.Bb6 Nf6
16.f3 Nd7 17.Bf2 Bf8 18.O-O-O Nc5 19.Kb1 Nxb3 20.axb3 Rd8 21.Bb6 Rd7 22.Rxd7 Kxd7
23.Rd1+  1/2-1/2

[Event "Tirnavia-C"]
[Site "Trnava"]
[Date "1988.??.??"]
[Round "11"]
[White "Minich, Peter"]
[Black "Duriga, Stefan"]
[Result "1/2-1/2"]
[WhiteElo "2200"]
[BlackElo "2310"]

1.e4 g6 2.d4 Bg7 3.Nc3 d6 4.f4 Nc6 5.d5 Nb8 6.Nf3 c6 7.Be3 Qa5 8.Bd4 Nf6
9.Nd2 O-O 10.Nc4 Qd8 11.a4 cxd5 12.exd5 Na6 13.Be2 Nb4 14.O-O Bf5 15.Ne3  1/2-1/2

[Event "Val Maubuee"]
[Site "Val Maubuee"]
[Date "1988.??.??"]
[Round "?"]
[White "Apicella, Manuel"]
[Black "Bernard, Christophe"]
[Result "1/2-1/2"]
[WhiteElo "2355"]
[BlackElo "2350"]

1.e4 g6 2.d4 Bg7 3.Nc3 d6 4.f4 Nf6 5.Nf3 O-O 6.Bd3 Nc6 7.O-O e5 8.fxe5 dxe5
9.d5 Ne7 10.Nxe5 c6 11.Bg5 cxd5 12.exd5 Nexd5 13.Qf3 Qb6+ 14.Kh1 Be6 15.Nxd5 Bxd5
16.Qh3 Be6 17.Qh4 Nd5 18.Nc4 Qc7 19.Bh6 Rad8 20.Bxg7 Kxg7 21.a3 Nb6 22.Qf6+ Kg8
23.Nd2 Nd7 24.Qh4 Bd5 25.Be4 Nc5 26.Bxd5 Rxd5 27.Nf3 Ne6 28.Qa4 Ra5 29.Qe4 Rc5
30.c3 Rd8 31.Rad1 Rxd1 32.Rxd1 Rb5 33.Qe2 a6 34.Nd4 Re5 35.Nxe6 Rxe6 36.Qf3 Qb6
37.b4 Re3 38.Qf2 Qe6 39.h3 Rxh3+ 40.Kg1 Re3 41.c4 Qe5 42.a4 Kg7 43.Re1 f5
44.Rd1 g5 45.c5 g4 46.Qh4 Qe7 47.Rd7 Qxd7 48.Qg5+ Kf7 49.Qh5+ Ke6 50.Qh6+ Kd5
51.Qxe3 Kc4 52.Qe1 Qd4+ 53.Kh1 Qe4 54.Qd2 g3 55.Qa2+ Kxb4 56.Qb2+ Kxa4 57.Qa2+ Kb4
58.Qb2+ Kc4 59.Qa2+ Kd4 60.Qb2+ Ke3 61.Qc1+ Ke2 62.Qb2+ Kf1 63.Qc1+ Qe1 64.Qc2 a5
65.c6 bxc6 66.Qd2 h5 67.Qe3 Qb4 68.Qe4 Qd2 69.Qf3+ Ke1 70.Qf1+  1/2-1/2

[Event "Val Maubuee"]
[Site "Val Maubuee"]
[Date "1988.??.??"]
[Round "?"]
[White "Dussol, Pierre"]
[Black "Bilek, Istvan"]
[Result "1/2-1/2"]
[WhiteElo "2240"]
[BlackElo "2410"]

1.d4 g6 2.e4 Bg7 3.Nc3 d6 4.Be3 a6 5.Nf3 Nd7 6.Bc4 e6 7.a4 b6 8.Qd2 Bb7 9.Bg5 Qc8
10.O-O h6 11.Bf4 Ne7 12.Rfe1 Kf8 13.Rad1 Kg8 14.Qe2 Kh7 15.h4 Qe8 16.e5 Bxf3
17.Qxf3 d5 18.Ba2  1/2-1/2

[Event "FRA-ch"]
[Site "Val Thorens"]
[Date "1988.??.??"]
[Round "5"]
[White "Koch, Jean Rene"]
[Black "Seret, Jean Luc"]
[Result "1-0"]
[WhiteElo "2420"]
[BlackElo "2400"]

1.e4 g6 2.d4 Bg7 3.Nc3 d6 4.Be3 Nf6 5.Qd2 c6 6.Bh6 O-O 7.Bxg7 Kxg7 8.O-O-O b5
9.f3 b4 10.Nce2 Qa5 11.Kb1 Nbd7 12.Nc1 c5 13.d5 Nb6 14.g4 e5 15.Nge2 Nc4
16.Qd3 Ba6 17.Qb3 Rab8 18.Ka1 Nb6 19.Ng3 c4 20.Qe3 Bc8 21.Kb1 c3 22.Nb3 Qa4
23.h4 cxb2 24.h5 Qd7 25.Nf5+ Kh8 26.Qh6 Rg8 27.g5 Nxh5 28.Rxh5 gxh5 29.Qf6+  1-0

[Event "Vrnjacka Banja"]
[Site "Vrnjacka Banja"]
[Date "1988.??.??"]
[Round "?"]
[White "Kovacevic, Vladimir"]
[Black "Davies, Nigel R"]
[Result "1/2-1/2"]
[WhiteElo "2250"]
[BlackElo "2450"]

1.d4 d6 2.e4 g6 3.Nc3 Bg7 4.Nge2 a6 5.a4 Nc6 6.h3 e5 7.Be3 Nf6 8.g3 O-O 9.Bg2 b6
10.O-O Bb7 11.Re1 Re8 12.f4 Na5 13.Bf2 exd4 14.Nxd4 c5 15.Nb3 Nxb3 16.cxb3 Qd7
17.Qd3 Rad8 18.Rad1 Qc8 19.Qc4 Qa8 20.b4 Re6 21.bxc5 bxc5 22.Rd2 Rb8 23.Qd3 Rbe8
24.Rde2 Nd7 25.Nd5 Bxd5 26.exd5 Rxe2 27.Rxe2 Rxe2 28.Qxe2 Kf8 29.b3 Qb7 30.Qd3 Qb6
31.Qc4 Ke7 32.Kh2 Qa5 33.Qe2+ Kd8 34.Be1 Qb6 35.Qc4 Kc7 36.Bf1 Nb8 37.Qe2 Kb7
38.Qe8 Qc7 39.Qg8 Bd4 40.Qxh7 Qe7 41.Bd2 Nd7 42.Qh4 Qxh4 43.gxh4 Nf6 44.Bg2 Nh5
45.Bf3 f5 46.Kg2  1/2-1/2

[Event "Vrnjacka Banja"]
[Site "Vrnjacka Banja"]
[Date "1988.??.??"]
[Round "?"]
[White "Marinkovic, Ivan"]
[Black "Davies, Nigel R"]
[Result "1-0"]
[WhiteElo "2415"]
[BlackElo "2450"]

1.e4 g6 2.d4 d6 3.Nc3 Bg7 4.h3 Nf6 5.g3 c5 6.Nge2 cxd4 7.Nxd4 Nc6 8.Be3 Bd7
9.Bg2 O-O 10.O-O Ne5 11.Nde2 b5 12.b3 a6 13.a4 Rb8 14.axb5 axb5 15.Nd5 Nc6
16.Qd2 Bc8 17.Rad1 b4 18.Rfe1 Re8 19.Nd4 Nxd4 20.Bxd4 Nxd5 21.Bxg7 Kxg7 22.exd5 Qc7
23.Re4 h6 24.Rh4 g5 25.Rc4 Qb6 26.h4 f6 27.Re1 Bf5 28.Be4 Bd7 29.Qe2 g4 30.Bd3 f5
31.Rxg4+ fxg4 32.Qe4 e5 33.Qg6+ Kf8 34.Qxh6+ Ke7 35.Qg5+ Kf8 36.Bg6 Be6 37.Qf6+ Kg8
38.dxe6 Qb7 39.Qf7+  1-0